<?xml version="1.0" encoding="UTF-8"?>
<record
    xmlns:xsi="http://www.w3.org/2001/XMLSchema-instance"
    xsi:schemaLocation="http://www.loc.gov/MARC21/slim http://www.loc.gov/standards/marcxml/schema/MARC21slim.xsd"
    xmlns="http://www.loc.gov/MARC21/slim">

  <leader>01744    a2200241   4500</leader>
  <controlfield tag="001">27000</controlfield>
  <controlfield tag="005">20260407155547.0</controlfield>
  <controlfield tag="008">260407a2007    arg                 spa d</controlfield>
  <controlfield tag="003">AR-UNSa-BCEJYS</controlfield>
  <datafield tag="040" ind1=" " ind2=" ">
    <subfield code="a">AR-UNSa-BCEJYS</subfield>
    <subfield code="b">spa</subfield>
    <subfield code="c">AR-UNSa-BCEJYS</subfield>
  </datafield>
  <datafield tag="080" ind1=" " ind2=" ">
    <subfield code="a">658.15</subfield>
    <subfield code="x">Administraci&#xF3;n financiera privada. Gesti&#xF3;n financiera de empresas
</subfield>
  </datafield>
  <datafield tag="245" ind1="1" ind2="0">
    <subfield code="a">Finanzas corporativas</subfield>
  </datafield>
  <datafield tag="020" ind1=" " ind2=" ">
    <subfield code="a">978-970-686-594-6</subfield>
  </datafield>
  <datafield tag="250" ind1=" " ind2=" ">
    <subfield code="a">2a. ed.</subfield>
  </datafield>
  <datafield tag="264" ind1=" " ind2="1">
    <subfield code="a">M&#xE9;xico :</subfield>
    <subfield code="b">International Thomson Editores</subfield>
    <subfield code="c">2007</subfield>
  </datafield>
  <datafield tag="300" ind1=" " ind2=" ">
    <subfield code="a">xix, 650 p.</subfield>
    <subfield code="c">27 cm.</subfield>
  </datafield>
  <datafield tag="505" ind1=" " ind2=" ">
    <subfield code="a">1. Introducci&#xF3;n a las finanzas corporativas y al ambiente financiero - 2. Valor del dinero en el tiempo - 3. Estados financieros, flujo de efectivo e impuestos - 4. An&#xE1;lisis de los estados financieros - 5. Riesgo y rendimiento - 6. Los bonos y su valuaci&#xF3;n - 7. Las acciones y su valuaci&#xF3;n - 8. Opciones financieras, su valuaci&#xF3;n y sus aplicaciones en las finanzas corporativas - 9. El costo de capital - 10. Principios b&#xE1;sicos de la presupuestaci&#xF3;n de capital: evaluaci&#xF3;n de los flujos de efectivo - 11. Estimaci&#xF3;n de los flujos de efectivo y an&#xE1;lisis del riesgo - 12. Planeaci&#xF3;n financiera y pron&#xF3;stico de los estados financieros - 13. Valuaci&#xF3;n corporativa, administraci&#xF3;n orientada al valor y gobierno corporativo - 14. Decisiones relativas a la estructura de capital - 15. Distribuciones a los accionistas: dividendos y recompras - 16. Administraci&#xF3;n del capital de trabajo - 17. Finanzas corporativas internacionales</subfield>
  </datafield>
  <datafield tag="942" ind1=" " ind2=" ">
    <subfield code="c">BK</subfield>
  </datafield>
  <datafield tag="590" ind1=" " ind2=" ">
    <subfield code="a">niveau_biblio:m niveau_hierar:0</subfield>
  </datafield>
  <datafield tag="100" ind1="1" ind2=" ">
    <subfield code="a">Brigham, Eugene F.</subfield>
  </datafield>
  <datafield tag="700" ind1="1" ind2=" ">
    <subfield code="a">Ehrhardt, Michael C.</subfield>
  </datafield>
  <datafield tag="856" ind1="4" ind2="1">
    <subfield code="u">https://biblioeco.unsa.edu.ar/pmb/images/libros/Finanzas Corporativas-l119717.jpg</subfield>
    <subfield code="y">Imagen de portada</subfield>
    <subfield code="q">image/jpeg</subfield>
  </datafield>
  <datafield tag="999" ind1=" " ind2=" ">
    <subfield code="c">1534</subfield>
    <subfield code="d">1534</subfield>
  </datafield>
  <datafield tag="952" ind1=" " ind2=" ">
    <subfield code="0">0</subfield>
    <subfield code="1">0</subfield>
    <subfield code="4">0</subfield>
    <subfield code="7">0</subfield>
    <subfield code="a">BCEJYS</subfield>
    <subfield code="b">BCEJYS</subfield>
    <subfield code="c">16</subfield>
    <subfield code="d">2026-04-07</subfield>
    <subfield code="l">0</subfield>
    <subfield code="o">658.15 E33 2ed.</subfield>
    <subfield code="p">L119717</subfield>
    <subfield code="r">2026-04-07 15:55:47</subfield>
    <subfield code="w">2026-04-07</subfield>
    <subfield code="y">L</subfield>
  </datafield>
</record>
